Normal view
MARC view
- Sonntag
Entry Personal Name
001 - CONTROL NUMBER
- control field: 83537
003 - CONTROL NUMBER IDENTIFIER
- control field: NUST
005 - DATE AND TIME OF LATEST TRANSACTION
- control field: 20211029104714.0
008 - FIXED-LENGTH DATA ELEMENTS
- fixed length control field: 211029|| aca||aabn | a|a d
040 ## - CATALOGING SOURCE
- Original cataloging agency: NUST
- Transcribing agency: NUST
100 ## - HEADING--PERSONAL NAME
- Personal name: Sonntag
670 ## - SOURCE DATA FOUND
- Source citation: Work cat.: (NUST)31813: Sonntag, Fundamentals of Thermodynamics /, 2003.
